Discursos de recepción leídos en la Real Academia de Ciencias Morales y Políticas (Record no. 172937)
[ view plain ]
| 000 -LEADER | |
|---|---|
| campo de control de longitud fija | 02236nas a2200325 i 4500 |
| 001 - NÚMERO DE CONTROL | |
| campo de control | 172937 |
| 003 - IDENTIFICADOR DE NÚMERO DE CONTROL | |
| campo de control | ES-MaACL |
| 005 - FECHA Y HORA DE LA ÚLTIMA TRANSACCIÓN | |
| campo de control | 20251012183201.0 |
| 007 - CAMPO FIJO DE DESCRIPCIÓN FÍSICA--INFORMACIÓN GENERAL | |
| campo de control de longitud fija | t| |
| 008 - DATOS DE LONGITUD FIJA--INFORMACIÓN GENERAL | |
| campo de control de longitud fija | 090917c19051907sp a| | 1 ||pa d |
| 080 ## - NÚMERO DE LA CLASIFICACIÓN DECIMAL UNIVERSAL | |
| Número de la Clasificación Decimal Universal | 3 : 061.12(460) |
| 110 2# - ENTRADA PRINCIPAL--NOMBRE DE ENTIDAD CORPORATIVA | |
| Nombre de entidad corporativa o nombre de jurisdicción como elemento de entrada | Real Academia de Ciencias Morales y Políticas (España) |
| 9 (RLIN) | 222050 |
| 245 10 - MENCIÓN DEL TÍTULO | |
| Título | Discursos de recepción leídos en la Real Academia de Ciencias Morales y Políticas |
| Fechas predominantes | 1905. |
| 260 ## - PUBLICACIÓN, DISTRIBUCIÓN, ETC. | |
| Lugar de publicación, distribución, etc. | Madrid : |
| Nombre del editor, distribuidor, etc. | [s. n.], |
| Fecha de publicación, distribución, etc. | 1905 (Est. Tip. Sucesores de Ribadeneyra) |
| 300 ## - DESCRIPCIÓN FÍSICA | |
| Extensión | 1 v. ; |
| Dimensiones | 26 cm. |
| 505 8# - NOTA DE CONTENIDO CON FORMATO | |
| Nota de contenido con formato | Contiene: T. VIII: El materialismo histórico en relación con algunas de las principales instituciones civiles del derecho privado / Felipe Sánchez Román (129 p.). Crisis contemporánea del régimen parlamentario / Pío Gullón e Iglesias (63 p.). Contestación / Gumersindo de Azcárate y Menéndez (p. 65-85). La autoridad y la propiedad / Victoriano Guisasola y Menéndez (48 p.). Contestación / Francisco Javier González de Castejón y Elío, Marqués del Vadillo (p. 49-77). Nuevos fundamentos de la moral / Manuel Sales Ferré (88 p.). Contestación / Eduardo Sanz y Escartín (p. 89-123). La condición de la mujer casada en la esfera del derecho civil / Eduardo de Hinojosa (55 p.). Contestación / Marqués de Pidal (p. 57-77). La representación parlamentaria, el sufragio obligatorio y el referendum / Julián García San Miguel (92 p.). Contestación / Marqués de la Vega de Armijo (p. 93-106). |
| 700 1# - ENTRADA AGREGADA--NOMBRE PERSONAL | |
| Nombre de persona | Azcárate, Gumersindo de, |
| Fechas asociadas al nombre | 1840-1917 |
| 9 (RLIN) | 24243 |
| 700 1# - ENTRADA AGREGADA--NOMBRE PERSONAL | |
| Nombre de persona | Aguilar y Correa, Antonio, |
| Títulos y otros términos asociados al nombre | Marqués de la Vega de Armijo, |
| Fechas asociadas al nombre | 1824-1908 |
| 9 (RLIN) | 18751 |
| 700 1# - ENTRADA AGREGADA--NOMBRE PERSONAL | |
| Nombre de persona | Sanz y Escartín, Eduardo, |
| Fechas asociadas al nombre | 1855-1939 |
| 9 (RLIN) | 103695 |
| 700 1# - ENTRADA AGREGADA--NOMBRE PERSONAL | |
| Nombre de persona | Sánchez Román, Felipe. |
| 9 (RLIN) | 102897 |
| 700 1# - ENTRADA AGREGADA--NOMBRE PERSONAL | |
| Nombre de persona | Gullón, Pío. |
| 9 (RLIN) | 60937 |
| 700 1# - ENTRADA AGREGADA--NOMBRE PERSONAL | |
| Nombre de persona | Guisasola y Menéndez, Victoriano, |
| Fechas asociadas al nombre | 1852-1920 |
| 9 (RLIN) | 60900 |
| 700 1# - ENTRADA AGREGADA--NOMBRE PERSONAL | |
| Nombre de persona | González de Castejón y Elío, Francisco Javier, |
| Títulos y otros términos asociados al nombre | Marqués de Vadillo |
| 9 (RLIN) | 58534 |
| 700 1# - ENTRADA AGREGADA--NOMBRE PERSONAL | |
| Nombre de persona | Sales Ferré, Manuel. |
| 9 (RLIN) | 101880 |
| 700 1# - ENTRADA AGREGADA--NOMBRE PERSONAL | |
| Nombre de persona | Hinojosa y Naveros, Eduardo de, |
| Fechas asociadas al nombre | 1852-1919 |
| 9 (RLIN) | 125519 |
| 700 1# - ENTRADA AGREGADA--NOMBRE PERSONAL | |
| Nombre de persona | Pidal y Mon, Luis, |
| Títulos y otros términos asociados al nombre | Marqués de Pidal, |
| Fechas asociadas al nombre | 1842-1913 |
| 9 (RLIN) | 91891 |
| 700 1# - ENTRADA AGREGADA--NOMBRE PERSONAL | |
| Nombre de persona | García San Miguel, Juan. |
| 9 (RLIN) | 55253 |
| 852 ## - LOCALIZACIÓN | |
| Ubicación | ES-MaACL |
| Número de control de estantería | K-190 |
| Estatus retirado | Estado de pérdida | Estado de daño | No para préstamo | Colección | Biblioteca de origen | Biblioteca actual | Ubicación en estantería | Fecha de adquisición | Total de préstamos | Signatura topográfica completa | Código de barras | Visto por última vez | Precio de reemplazo | Tipo de ítem Koha |
|---|---|---|---|---|---|---|---|---|---|---|---|---|---|---|
| Periódicos y Revistas | Biblioteca del Ateneo de Madrid | Biblioteca del Ateneo de Madrid | Administración | 17/09/2009 | K-190 | 1181465 | 23/02/2023 | 23/02/2023 | Revista |
